Obstacles to Cross-Border Tourism Cooperation Across the Baltic Sea as Seen by Interreg Stakeholders

Článok sa zameriava na identifikáciu a diskusiu o kľúčových prekážkach cezhraničnej spolupráce cez morské hranice na príklade spolupráce v regióne Baltského mora v oblasti cestovného ruchu. Získané výsledky sú porovnané s existujúcou literatúrou o bariérach cezhraničnej spolupráce na pevnine. Vo výs...

Full description

Saved in:
Bibliographic Details
Main Author: Cerić, Denis
Format: Book Chapter
Language:English
Slovak
Subjects:
Tags: Add Tag
No Tags, Be the first to tag this record!

MARC

LEADER 00000naa a2200000 4500
001 0307097
005 20250218100653.4
041 0 |a eng 
041 0 |a slo 
044 |a SK 
245 1 0 |a Obstacles to Cross-Border Tourism Cooperation Across the Baltic Sea as Seen by Interreg Stakeholders  |c Denis Cerić 
520 |a Článok sa zameriava na identifikáciu a diskusiu o kľúčových prekážkach cezhraničnej spolupráce cez morské hranice na príklade spolupráce v regióne Baltského mora v oblasti cestovného ruchu. Získané výsledky sú porovnané s existujúcou literatúrou o bariérach cezhraničnej spolupráce na pevnine. Vo výskume je aplikovaný kvalitatívny prístup a ako primárna metóda zberu údajov boli využité hĺbkové rozhovory (35 rozhovorov s kľúčovými osobami, ktoré zastupovali zainteresované strany v oblasti cestovného ruchu z rôznych programov Interreg-IV a lokalít v regióne Baltského mora). Na analýzu údajov je použitá tematická analýza, zainteresované strany uviedli 181 prekážok zoskupených do 43 tém. 
610 2 0 |a geografia hospodárska 
610 2 0 |a ruch cestovný medzinárodný 
610 2 0 |a spolupráca cezhraničná 
610 2 0 |a hranice štátne 
610 2 0 |a more 
610 2 0 |a Pobaltie 
610 2 0 |a Škandinávia 
610 2 0 |a Európska únia 
610 2 0 |a porovnanie medzinárodné 
100 1 |a Cerić, Denis